| 000 | 00708cam a2200193 4500 | ||
|---|---|---|---|
| 001 | D7391 | ||
| 008 | 090401t1975 xxu||||| |||| 00| 0 eng d | ||
| 035 | _a(Sirsi) u7033 | ||
| 041 | _aeng | ||
| 050 | _a692.8 | ||
| 110 |
_aNational Federation of Building Trades Employers _91526 |
||
| 245 | _aSub-contract formula rules dated 3rd May, 1975 applicable to clause 23F of the Form of Sub-Contract, 1963... and clause 25F of the Form of Sub-Contract 1971 | ||
| 260 |
_aLondon _bNFBTE _c1975 |
||
| 300 | _a12. 12p. 30cm | ||
| 350 | _a1.5 | ||
| 520 | _aderived from "Price adjustment formulae for building contracts - a guide to the practical application of the formulae" | ||
| 942 | _n0 | ||
| 948 | _c04/03/1997 | ||
| 999 |
_c86383 _d86383 |
||